Statistics for All VIVIZ song(2023 update)

Click here to take the quiz!

General Stats

  • This quiz has been taken 9 times
  • The average score is 21 of 33

Answer Stats

HintAnswer% Correct
Beam Of PrismBOP BOP!
100%
Queendom 2BOP BOP!
(Highteen Ver.)
100%
American Digital
SIngle
BOP BOP!
(Yves V Remix)
100%
VERSUSMANIAC
100%
Summer VibeLOVEADE
89%
VarioUSPULL UP
78%
VERSUSUntie
78%
Beam Of PrismFiesta
67%
Beam Of PrismLemonade
67%
VarioUSLove or Die
67%
Beam Of PrismMirror
67%
Queendom 2Red Sun!
67%
UNIVERSE
MUSIC
Rum Pum Pum
67%
Summer VibeSIESTA
67%
Beam Of PrismTweet Tweet
67%
VarioUSBlue Clue
56%
Summer VibeDance
56%
VERSUS
Day by day
56%
Summer Vibe#FLASHBACK
56%
Summer VibeLove Love Love
56%
Beam Of PrismLove You Like
56%
VarioUSOverdrive
56%
VERSUSOverflow
56%
Summer VibeParty Pop
56%
VarioUSSo Special
56%
My Lovely Liar
OST
Spoiler
56%
Queendom 2UNNATURAL
56%
VERSUSUp 2 Me
56%
VarioUSVanilla Sugar
Killer
56%
Ditto OSTCome On Baby
Tonight
44%
True To Love
OST
Make Me Love U
44%
Queendom 2Time for the glory
44%
Queendom 2Epilogue
0%

Score Distribution

Percentile by Number Answered

Percent of People with Each Score

Your Score History

You have not taken this quiz